00499nam a22001817a 45000050016000000100015000160200024000310350013000550370013000680820011000812450069000922600033001612700046001943000022002406500018002627000019002807000018002992010081607477.0 aENG-100511 c149.00a97889728304 aEN-84044 bDBAD/PUB a954.13 aUttar Pradesh :ccompiled by Dhiraj Pandeybheartland of India / c2010aDelhibExcellent Books a4052, 1st Floor, Nai SarakbDelhie110006 a242p.c24cm (pbk) aUttar Pradesh aPandey, Dhiraj aSharan, Aditi